| 000 | 01068nas a2200361 4500 | ||
|---|---|---|---|
| 001 | BR2011000043 | ||
| 003 | BR-BrBNA | ||
| 005 | 20231205114833.0 | ||
| 007 | ta | ||
| 008 | 230509b bl.|||p| |||| 00| 00por d | ||
| 040 |
_aBR-BrBNA _bpor _cBiblioteca Nacional de Agricultura |
||
| 041 | _a(En) | ||
| 072 | _aJ15 | ||
| 100 | 1 | _aSilva, A.T.C. da | |
| 100 | 1 | _aFerreira, V.M. | |
| 100 | 1 | _aGraciano, E.S.A. | |
| 100 | 1 | _aSouza, R.C. de | |
| 100 | 1 | _aAraújo Neto, J.C. de | |
| 100 | 1 | _aLoges, V. | |
| 245 | 1 | _aPost harvest of pink ginger floral stems treated with silver thiosulphate, sucrose, and calcium | |
| 650 | _aFLOR PARA CORTE | ||
| 650 | _aCAULE | ||
| 650 | _aPLANTA ORNAMENTAL | ||
| 650 | _aSULFATO DE CÁLCIO | ||
| 650 | _aSACAROSE | ||
| 650 | _aSILICATO DE SÓDIO | ||
| 650 | _aPÓS-COLHEITA | ||
| 650 | _aQUALIDADE | ||
| 650 | _aLONGEVIDADE | ||
| 773 | 0 |
_tHorticultura Brasileira (Brazil) _xISSN 0102-0536 _g(Jul-Sep)2009), v. 27(3) p. 357-361 _wBR2011000043 |
|
| 909 |
_a202311 _bLúcia _c55 _dLúcia Elande |
||
| 942 |
_2AGRIS _n0 _cANA |
||
| 999 |
_c210742 _d210742 |
||